000 00753nam a2200241Ia 4500
005 20260429112024.0
008 260429s9999||||xx |||||||||||||| ||und||
020 _a9781032320410
041 _aEnglish
082 _a371.26
_bLIP
100 _aLipnevich, Anastasiya A.
245 0 _aUnpacking students’ engagement with feedback :
_bpedagogy and partnership in practice /
_cAnastasiya A. Lipnevich
250 _a1st ed.
260 _aNew York :
_bRoutledge,
_c2024.
300 _axiv, 159 p.; pbk
440 _aAssessment in Schools: Principles in Practice
650 _a Educational feedback
650 _a Higher education
650 _aStudent engagement
700 _a Tan, Kelvin Heng Kiat
700 _a To, Jessica
942 _cTB
999 _c51940
_d51940